00931nam a22002172 450000100060000000300080000600500170001400800390003103500190007004000370008904100080012608200230013410000550015724502720021225000120048426000500049630000260054650400510057265000390062370000510066219089BD-RjUL20211209000401.0140223s1946 enk b 001 0 eng a(BD-RjUL)19147 aDLCcBOSdSLUdEQOdBD-RjULbeng aeng a342.4203bWAC 19461 aWade, E. C. S.q(Emlyn Capel Stewart),d1895-1978.10aConstitutional law :ban outline of the law and practice of the constitution, including administrative law, English local government, the constitutional relations of the British commonwealth and empire and the Church of England /cE.C.S. Wade and G. Godfrey Phillips. a3rd ed. aLondon ;aNew York :bLongmans, Green,c1946. axxv, 474 p. ;c23 cm. aIncludes bibliographical references and index. 0aConstitutional lawzGreat Britain.1 aPhillips, G. Godfreyq(George Godfrey),d1900-